000 00734nam a2200277Ia 4500
003 OSt
005 20220912150953.0
006 a|||||r|||| 00| 0
007 ta
008 220909b |||||||| |||| 00| 0 eng d
024 _a39215
037 _cTextual
040 _aCSL
_beng
_cCSL
041 _aeng
082 _aB28930bX:8, M4
100 _aCook T M
245 0 _aContemporary operations management
250 _a2
260 _aEnglewood
_bCliffs Prentice-Hall
_c1984
300 _ax,560p.
_ccm.
650 _a Operational research irt management
650 _aMathematics
700 _a Russell R A
942 _hB28930bX:8, M4
_cTEXL
_2CC
999 _c58554
_d58554